| 000 | 00621nam a2200205 a 4500 | ||
|---|---|---|---|
| 999 |
_c3495 _d3495 |
||
| 001 | 3495 | ||
| 003 | BD-JhCC | ||
| 005 | 20171114122121.0 | ||
| 008 | 171114s1964 bg |||| |||| 000 0 ben d | ||
| 035 | _a(BD-JhCC) | ||
| 040 |
_aBD-JhCC _dBD-JhCC |
||
| 041 | _aben | ||
| 082 |
_a923.1 _bMIA 1964 |
||
| 100 | _aমিয়া, বন্দে আলী | ||
| 245 |
_aকামাল আতাতুর্ক / _cবন্দে আলী মিয়া |
||
| 260 |
_aঢাকা: _bআহমদ পাবলিশিং হাউস; _c১৯৬৩ |
||
| 300 |
_a50 p.; _c14 cm |
||
| 650 | _aBiography | ||
| 942 |
_2ddc _cBK |
||